banner koha

Efeito de diferentes epocas de colheita e processos de secagem sobre a viabilidade de sementes de capim coloniao (Panicum maximum Jacq.)[Brasil] (Registro n. 106653)

MARC details
000 -LÍDER
campo de controle de tamanho fixo 01104nas a2200289 4500
001 - NÚMERO DE CONTROLE
campo de controle BR8102448
003 - IDENTIFICADOR DO NÚMERO DE CONTROLE
campo de controle BR-BrBNA
005 - DATA E HORÁRIO DA ÚLTIMA TRANSAÇÃO
campo de controle 20231205084701.0
007 - CAMPO FIXO DE DESCRIÇÃO FÍSICA--INFORMAÇÃO GERAL
campo de controle de tamanho fixo ta
008 - CAMPO DE DADOS FIXOS--INFORMAÇÃO GERAL
campo de controle de tamanho fixo 230509b bl.|||p| |||| 00| 00por d
040 ## - FONTE DA CATALOGAÇÃO
Instituição da catalogação original BR-BrBNA
Idioma da catalogação por
Instituição que transcreveu o registro Biblioteca Nacional de Agricultura
041 ## - CÓDIGO DE IDIOMA
Código do idioma do texto/trilha sonora ou título diferente (Pt)
072 ## - CÓDIGO DE CATEGORIA DE ASSUNTO
Código de Categoria de Assunto F00
100 1# - ENTRADA PRINCIPAL--NOME PESSOAL
Nome pessoal Favoretto, V.
100 1# - ENTRADA PRINCIPAL--NOME PESSOAL
Nome pessoal Rodrigues, L.R. de A. (Universidade Estadual de Sao Paulo, Jaboticabal (Brazil))
245 1# - TÍTULO
Título Efeito de diferentes epocas de colheita e processos de secagem sobre a viabilidade de sementes de capim coloniao (Panicum maximum Jacq.)[Brasil]
246 1# - FORMA VARIANTE DO TÍTULO
Título/título abreviado [Effect of different harvest times and drying methods on the viability of "coloniao" grass seeds (Panicum maximum Jacq.)[Brazil]]
650 ## - ASSUNTO--TERMO TÓPICO
Cabeçalho tópico ou nome geográfico Producao vegetal
650 ## - ASSUNTO--TERMO TÓPICO
Cabeçalho tópico ou nome geográfico Capim coloniao
650 ## - ASSUNTO--TERMO TÓPICO
Cabeçalho tópico ou nome geográfico Semente
650 ## - ASSUNTO--TERMO TÓPICO
Cabeçalho tópico ou nome geográfico Beneficiamento
650 ## - ASSUNTO--TERMO TÓPICO
Cabeçalho tópico ou nome geográfico Colheita
650 ## - ASSUNTO--TERMO TÓPICO
Cabeçalho tópico ou nome geográfico Secagem
773 0# - ENTRADA ANALÍTICA
Título Revista da Sociedade Brasileira de Zootecnia (Brazil)
ISSN - International Standard Serial Number ISSN 0100-4859
Partes relacionadas (1980), v. 9(2) p. 271-280
Número de controle do registro BR8102448
909 ## -
-- 202311
-- Lúcia
-- 55
-- Lúcia Elande
942 ## - ELEMENTOS DE ENTRADA ADICIONADOS (KOHA)
Fonte da classificação ou esquema de arquivamento na estante Classificação AGRIS
Ocultar no OPAC Não
Tipo de material Koha Analítica
Exemplares
Situação do descarte Fonte da classificação ou esquema de arquivamento na estante Situação física Não pode ser emprestado Biblioteca de origem Biblioteca atual Localização na estante Enumeração do periódico / cronologia Total de empréstimos Data de último acesso Número do exemplar Tipo de material Koha Fonte de aquisição
  Classificação AGRIS   Consulta local Biblioteca Nacional de Agricultura - Binagri Biblioteca Nacional de Agricultura - Binagri   (1980), v. 9(2) p. 271-280   29/11/2023 01 Periódicos Portaria Interministerial nº 164/94

BINAGRI

Telefone: (61)3218-2567/2388/3357/2097 - binagri@agro.gov.br

Ministério da Agricultura e Pecuária , Esplanada dos Ministérios, Bloco D, Anexo B, Brasília/DF, CEP: 70.043-900